Histoire des relations culturelles dans le monde contemporain (notice n° 2198563)

détails MARC
000 -LEADER
fixed length control field 01804cam a2200145 4500500
005 - DATE AND TIME OF LATEST TRANSACTION
control field 20260405085550.0
041 ## - LANGUAGE CODE
Language code of text/sound track or separate title fre
042 ## - AUTHENTICATION CODE
Authentication code dc
100 10 - MAIN ENTRY--PERSONAL NAME
Personal name Chaubet, François
Relator term author
245 00 - TITLE STATEMENT
Title Histoire des relations culturelles dans le monde contemporain
260 ## - PUBLICATION, DISTRIBUTION, ETC.
Name of publisher, distributor, etc. Armand Colin,<br/>
Date of publication, distribution, etc. 2011.<br/>
520 ## - SUMMARY, ETC.
Summary, etc. Révolutions artistiques à Paris ou New York, migrations scientifiques vers les grands campus américains, action culturelle des États en temps de paix ou de guerre froide afin de conforter leur puissance, les enjeux du monde contemporain ont été, souvent, des enjeux profondément culturels. En combinant l’histoire des Relations Internationales et l’histoire culturelle transnationale, ce livre entend offrir la première réelle synthèse sur les multiples interactions culturelles, qu’elles prennent la forme des circulations massives d’images et de sons des industries culturelles ou médiatiques ou celles, plus restreintes, des échanges intellectuels et artistiques. Attentif aux récents objets de la recherche, de l’exil intellectuel au 20e siècle à la question de la culture coloniale ou impériale, cet ouvrage se propose d’être un outil de travail et de réflexion pour la compréhension du monde contemporain. François CHAUBET, maître de conférences à l’université de Tours et chercheur rattaché à Sciences Po, est spécialiste de l’histoire des relations culturelles internationales. Laurent MARTIN, chargé de recherches au Centre d’histoire de Sciences Po, est spécialiste de l’histoire des médias et des rapports entre culture et politique au 20e siècle.
700 10 - ADDED ENTRY--PERSONAL NAME
Personal name Martin, Laurent
Relator term author
856 41 - ELECTRONIC LOCATION AND ACCESS
Uniform Resource Identifier <a href="https://shs.cairn.info/histoire-des-relations-culturelles-dans-le-monde--9782200254551?lang=fr&redirect-ssocas=7080">https://shs.cairn.info/histoire-des-relations-culturelles-dans-le-monde--9782200254551?lang=fr&redirect-ssocas=7080</a>

Pas d'exemplaire disponible.

PLUDOC

PLUDOC est la plateforme unique et centralisée de gestion des bibliothèques physiques et numériques de Guinée administré par le CEDUST. Elle est la plus grande base de données de ressources documentaires pour les Étudiants, Enseignants chercheurs et Chercheurs de Guinée.

Adresse

627 919 101/664 919 101

25 boulevard du commerce
Kaloum, Conakry, Guinée

Réseaux sociaux

Powered by Netsen Group @ 2025